| 000 | 00597nam a2200205 a 4500 | ||
|---|---|---|---|
| 005 | 20210223124237.0 | ||
| 008 | 010710s1991 mx r 000 0 spa d | ||
| 020 | _a9706040919 | ||
| 035 | _aUPN01000109469 | ||
| 049 | _aCG | ||
| 050 | 4 |
_aZ286 D4.7 _bH6.4 |
|
| 100 | 1 | _aHoltz, Matthew | |
| 245 | 1 | 0 |
_aDomine el Ventura : _bversión 2 / _cMatthew Holtz. |
| 260 |
_aMéxico : _bMacrobit, _cc1991. |
||
| 300 | _a567 p. | ||
| 534 |
_pTraducción de: _tMastering Ventura |
||
| 650 | 4 | _aVENTURA PUBLISHER (PROGRAMA PARA COMPUTADORA) | |
| 650 | 4 |
_aAUTOEDICION POR COMPUTADORA _915815 |
|
| 905 | _aLibro | ||
| 999 |
_c83380 _d83380 |
||